La vie normale et la santé (Record no. 163310)
[ view plain ]
| 000 -LEADER | |
|---|---|
| campo de control de longitud fija | 00866nam a22002175i 4500 |
| 001 - NÚMERO DE CONTROL | |
| campo de control | 163310 |
| 003 - IDENTIFICADOR DE NÚMERO DE CONTROL | |
| campo de control | ES-MaACL |
| 005 - FECHA Y HORA DE LA ÚLTIMA TRANSACCIÓN | |
| campo de control | 20250828061826.0 |
| 008 - DATOS DE LONGITUD FIJA--INFORMACIÓN GENERAL | |
| campo de control de longitud fija | 050719q1881 fr a 001 0 fre d |
| 100 1# - ENTRADA PRINCIPAL--NOMBRE DE PERSONA | |
| Nombre de persona | Rengade, Jules. |
| 9 (RLIN) | 96215 |
| 245 13 - MENCIÓN DEL TÍTULO | |
| Título | La vie normale et la santé |
| Resto del título | : traité complet de la structure du corps humain / |
| Mención de responsabilidad, etc. | par J. Rengade. |
| 260 ## - PUBLICACIÓN, DISTRIBUCIÓN, ETC. | |
| Lugar de publicación, distribución, etc. | Paris : |
| Nombre del editor, distribuidor, etc. | Librairie Illustrée : |
| -- | Librairie M. Dreyfous, |
| Fecha de publicación, distribución, etc. | [ca. 1881] ( |
| Lugar de fabricación/manufactura | Lagny : |
| Fabricante | F. Aureau) |
| 300 ## - DESCRIPCIÓN FÍSICA | |
| Extensión | XI, 808 p. : |
| Otras características físicas | il. col. y n. ; |
| Dimensiones | 27 cm. |
| 596 ## - NOTA AL PIE DE IMPRENTA | |
| NOTA AL PIE DE IMPRENTA | Ded. fechada en enero de 1881. |
| 599 ## - NOTA A LAS ILUSTRACIONES | |
| NOTA A LAS ILUSTRACIONES | Numerosas il. a color y en blanco y negro intercaladas en el texto. |
| 650 07 - PUNTO DE ACCESO ADICIONAL DE MATERIA--TÉRMINO DE MATERIA | |
| Término de materia o nombre geográfico como elemento de entrada | Educación sanitaria |
| Fuente del encabezamiento o término | embne |
| 9 (RLIN) | 12120 |
| 650 07 - PUNTO DE ACCESO ADICIONAL DE MATERIA--TÉRMINO DE MATERIA | |
| Término de materia o nombre geográfico como elemento de entrada | Medicina preventiva |
| Fuente del encabezamiento o término | embne |
| 9 (RLIN) | 14936 |
| 650 #4 - PUNTO DE ACCESO ADICIONAL DE MATERIA--TÉRMINO DE MATERIA | |
| Término de materia o nombre geográfico como elemento de entrada | Salud. |
| 9 (RLIN) | 136848 |
| 852 ## - LOCALIZACIÓN | |
| Ubicación | ES-MaACL |
| Número de control de estantería | C-2104 |
| Nota libre | - Enc. pasta española |
| Estatus retirado | Estado de pérdida | Estado de daño | No para préstamo | Colección | Biblioteca de origen | Biblioteca actual | Ubicación en estantería | Fecha de adquisición | Fuente de adquisición | Total de préstamos | Signatura topográfica completa | Código de barras | Visto por última vez | Precio de reemplazo | Tipo de ítem Koha |
|---|---|---|---|---|---|---|---|---|---|---|---|---|---|---|---|
| Libros del s. XIX | Biblioteca del Ateneo de Madrid | Biblioteca del Ateneo de Madrid | Sala Palomar | 17/01/2008 | C-2104 | 1171132 | 23/02/2023 | 23/02/2023 | Libro impreso antiguo |
